000
00233nam a2200097Ia 4500
001
709463
005
20250826162547.0
008
250824s9999 xx 000 0 und d
245
0
_a
87 OĞUZ
_c
RAKIM ÇALAPALA
260
_b
BİLGE YAYINLARI
999
_c
709463
_d
709463